Loading...
| History - Euro History | 2 | 3 | 0 | 1 | 60 | 50 | 79.60 | 5 | 5 |
| Literature - Euro Lit | 1 | 4 | 0 | 0 | 55 | 36 | 86.20 | 3 | 5 |
| Beliefs - Religion | 2 | 2 | 0 | 0 | 50 | 52 | 84.75 | 2 | 4 |
| Literature - American Lit | 1 | 2 | 0 | 0 | 35 | 65 | 91.00 | 3 | 3 |
| Thought - Philosophy | 1 | 2 | 0 | 0 | 35 | 63 | 83.67 | 3 | 3 |
| Arts - Other Arts | 0 | 1 | 0 | 1 | 10 | 138 | 138.00 | 0 | 1 |
| Arts - Painting | 0 | 1 | 0 | 0 | 10 | 85 | 85.00 | 1 | 1 |
| History - American History | 0 | 1 | 0 | 0 | 10 | 96 | 96.00 | 0 | 1 |
| Science - Other Science | 0 | 1 | 0 | 0 | 10 | 75 | 75.00 | 1 | 1 |
| History - World History | 0 | 1 | 1 | 0 | 5 | 96 | 96.00 | 1 | 1 |
| Literature - World Lit | 0 | 1 | 2 | 0 | 0 | 105 | 105.00 | 1 | 1 |
| Other - Other Academic | 0 | 0 | 0 | 0 | 0 | 0.00 | 0 | 0 | |
| History - Other History | 0 | 0 | 2 | 0 | -10 | 0.00 | 0 | 0 | |
| Beliefs - Mythology | 0 | 0 | 2 | 0 | -10 | 0.00 | 0 | 0 |